000
00238nam a2200097Ia 4500
008
200302s9999 xx 000 0 und d
100
_a
N. T. Fujii
245
_a
Global Arcitectire Document
260
_b
Yokio Futagawa Publisher
260
_c
1980
999
_c
382
_d
382